000
00317 a2200145 4500
003
Nust
005
20170207154457.0
040
_c
Nust
082
_a
050
100
_a
Maryam Khalid
245
_a
MONTHLY NUST NEWS (January 2013)
250
_a
Volume IV / Issue I
260
_a
Pakistan
_b
NUST
_c
January 2013
300
_a
21 p.
942
_c
MAGS
999
_c
197871
_d
197871